[Event "Xtracon GM"]
[Site "Borup"]
[Date "2010.09.11"]
[Round "7"]
[White "Frisk, Ellinor"]
[Black "Doluhanova, Evgeniya"]
[Result "0-1"]
[WhiteElo "2113"]
[BlackElo "2259"]
[PlyCount "60"]
[EventDate "2010.09.03"]
[EventType "swiss"]
[EventRounds "9"]
[EventCountry "DEN"]
[Source "ChessBase"]
[SourceDate "2010.10.29"]

1. e4 c5 2. Nf3 d6 3. d4 cxd4 4. Nxd4 Nf6 5. Nc3 a6 6. Be3 e5 7. Nb3 Be7 8. f3
Be6 9. Qd2 O-O 10. O-O-O a5 11. Bb5 Na6 12. Qe2 Qb8 13. Bb6 Rc8 14. g4 Nb4 15.
a3 Bxb3 16. cxb3 d5 17. g5 Na2+ 18. Kb1 Nxc3+ 19. bxc3 Nh5 20. exd5 Rxc3 21.
Kb2 Rc8 22. d6 Bxd6 23. Qd2 Bc5 24. Bxa5 Bd4+ 25. Kb1 Rc5 26. Qb4 b6 27. Bxb6
Qxb6 28. a4 Rac8 29. h4 Nf4 30. Rhe1 Nd5 0-1

[Event "Xtracon GM"]
[Site "Borup"]
[Date "2010.09.11"]
[Round "7"]
[White "Hansen, Lars Henrik Bech"]
[Black "Andersen, Daniel"]
[Result "1/2-1/2"]
[WhiteElo "2039"]
[BlackElo "1940"]
[PlyCount "25"]
[EventDate "2010.09.03"]
[EventType "swiss"]
[EventRounds "9"]
[EventCountry "DEN"]
[Source "ChessBase"]
[SourceDate "2010.10.29"]

1. e4 e6 2. d4 d5 3. Nc3 Nf6 4. Bg5 dxe4 5. Nxe4 Be7 6. Nxf6+ Bxf6 7. Bxf6 Qxf6
8. Nf3 b6 9. Bb5+ c6 10. Be2 Nd7 11. Qd2 O-O 12. Qg5 Qxg5 13. Nxg5 1/2-1/2

[Event "Xtracon GM"]
[Site "Borup"]
[Date "2010.09.11"]
[Round "7"]
[White "Hillarp Persson, Tiger"]
[Black "Bejtovic, Jasmin"]
[Result "1-0"]
[WhiteElo "2517"]
[BlackElo "2404"]
[PlyCount "103"]
[EventDate "2010.09.03"]
[EventType "swiss"]
[EventRounds "9"]
[EventCountry "DEN"]
[Source "ChessBase"]
[SourceDate "2010.10.29"]

1. e4 c5 2. Nf3 Nc6 3. Bb5 g6 4. Bxc6 dxc6 5. h3 e5 6. d3 f6 7. Be3 Nh6 8. c3
Nf7 9. Qe2 b6 10. d4 cxd4 11. cxd4 exd4 12. Bxd4 Bg7 13. O-O O-O 14. Re1 Qc7
15. b4 Re8 16. Qb2 Qe7 17. Nbd2 Be6 18. Rac1 Rac8 19. Re3 Rc7 20. Rce1 c5 21.
bxc5 bxc5 22. Bc3 Rb7 23. Qa1 Qd8 24. Nf1 Bc4 25. Rd1 Qe7 26. N1d2 Be6 27. Ree1
Rd8 28. Nf1 Rxd1 29. Rxd1 Rd7 30. Rxd7 Bxd7 31. N3d2 Nd6 32. Ne3 Bc6 33. Ng4
Nxe4 34. Nxe4 Qxe4 35. f3 Qe2 36. Bxf6 Bf8 37. Bg5 Bg7 38. Bf6 Bf8 39. Qc1 Qe6
40. Bb2 Kf7 41. Qf4+ Ke7 42. Ne5 Bb5 43. a4 Ba6 44. Qh4+ g5 45. Qxh7+ Ke8 46.
Qxa7 c4 47. Qb8+ Qc8 48. Qxc8+ Bxc8 49. Nxc4 Bc5+ 50. Kh1 Be6 51. Nd2 Bd7 52.
Ne4 1-0

[Event "Xtracon GM"]
[Site "Borup"]
[Date "2010.09.11"]
[Round "7"]
[White "Hvenekilde, Jorgen"]
[Black "Pedersen, Henrik Dahl"]
[Result "1-0"]
[WhiteElo "2107"]
[BlackElo "2235"]
[PlyCount "75"]
[EventDate "2010.09.03"]
[EventType "swiss"]
[EventRounds "9"]
[EventCountry "DEN"]
[Source "ChessBase"]
[SourceDate "2010.10.29"]

1. d4 f5 2. h3 b6 3. Bf4 Bb7 4. e3 Nf6 5. Nf3 e6 6. Rg1 Be7 7. Nbd2 O-O 8. g4
fxg4 9. hxg4 c5 10. c3 Nc6 11. Be2 Rc8 12. a3 Nd5 13. Bg3 Na5 14. Qb1 c4 15.
Qc2 b5 16. Rh1 g6 17. O-O-O Nb3+ 18. Kb1 b4 19. axb4 Nxd2+ 20. Nxd2 Bxb4 21.
cxb4 c3 22. Rxh7 Kxh7 23. Rh1+ Kg7 24. Be5+ Rf6 25. g5 cxd2 26. Qxd2 Kg8 27.
gxf6 Nxf6 28. f3 d6 29. Bxf6 Qxf6 30. e4 e5 31. dxe5 Qxe5 32. Qh6 Qg7 33. Qh3
Re8 34. Bc4+ d5 35. exd5 Re3 36. d6+ Kf8 37. Qh8+ Qxh8 38. Rxh8+ 1-0

[Event "Xtracon GM"]
[Site "Borup"]
[Date "2010.09.11"]
[Round "7"]
[White "Jensen, Stein"]
[Black "Mollmann, Erik"]
[Result "1-0"]
[WhiteElo "2063"]
[BlackElo "1694"]
[PlyCount "107"]
[EventDate "2010.09.03"]
[EventType "swiss"]
[EventRounds "9"]
[EventCountry "DEN"]
[Source "ChessBase"]
[SourceDate "2010.10.29"]

1. e4 Nc6 2. Nf3 d6 3. c4 e5 4. d4 Bg4 5. d5 Nd4 6. Be2 Nxe2 7. Qxe2 Be7 8. Nc3
Nf6 9. Bd2 Qd7 10. Qd3 Bh5 11. Ng1 h6 12. Nge2 Nh7 13. O-O-O Bg5 14. h3 Bxd2+
15. Rxd2 Bg6 16. g4 f6 17. f4 O-O-O 18. Qe3 b6 19. Nb5 Kb7 20. f5 Be8 21. Kb1
Ra8 22. Rc1 a6 23. Na3 Bf7 24. Nc2 Rhc8 25. Nb4 Be8 26. Nd3 Qe7 27. Rdc2 Ng5
28. Rc3 Nf7 29. Ra3 c5 30. dxc6+ Rxc6 31. Nb4 Rc5 32. Nd5 Qd8 33. Qd3 Bc6 34.
b4 Rxd5 35. cxd5 Bb5 36. Qd2 Rc8 37. Rac3 Rxc3 38. Nxc3 Bc4 39. Nd1 b5 40. h4
Qb6 41. Kb2 Qd4+ 42. Qxd4 exd4 43. Nf2 Ne5 44. g5 hxg5 45. hxg5 fxg5 46. Rh1
Nd3+ 47. Nxd3 Bxd3 48. Re1 Kb6 49. Kc1 a5 50. a3 a4 51. Kd2 Bc4 52. Rg1 Kc7 53.
Rxg5 Bf1 54. Rxg7+ 1-0

[Event "Xtracon GM"]
[Site "Borup"]
[Date "2010.09.11"]
[Round "7"]
[White "Kokholm, Daniel"]
[Black "Pedersen, Sven"]
[Result "0-1"]
[WhiteElo "1951"]
[BlackElo "2106"]
[PlyCount "50"]
[EventDate "2010.09.03"]
[EventType "swiss"]
[EventRounds "9"]
[EventCountry "DEN"]
[Source "ChessBase"]
[SourceDate "2010.10.29"]

1. d4 d5 2. e4 dxe4 3. Nc3 e6 4. f3 e3 5. Bxe3 Nf6 6. Qd2 Be7 7. Bd3 b6 8.
O-O-O Bb7 9. Nh3 Nbd7 10. Rhe1 O-O 11. Ne4 c5 12. dxc5 bxc5 13. Qc3 Qc7 14.
Neg5 h6 15. Ne4 Rfd8 16. g4 Nd5 17. Qd2 c4 18. Bf1 Nxe3 19. Qxe3 Nf6 20. Nc3
Bc5 21. Qe2 Bb4 22. Qe3 Qa5 23. Kb1 Bxc3 24. Rxd8+ Rxd8 25. bxc3 Nd5 0-1

[Event "Xtracon GM"]
[Site "Borup"]
[Date "2010.09.11"]
[Round "7"]
[White "Larsen, Jesper Riis"]
[Black "Krogh, Peter Ove"]
[Result "0-1"]
[WhiteElo "2004"]
[BlackElo "1922"]
[PlyCount "44"]
[EventDate "2010.09.03"]
[EventType "swiss"]
[EventRounds "9"]
[EventCountry "DEN"]
[Source "ChessBase"]
[SourceDate "2010.10.29"]

1. d4 Nf6 2. Nf3 e6 3. c4 b6 4. e3 Bb7 5. Bd3 Ne4 6. O-O f5 7. Nfd2 Qg5 8. Bxe4
fxe4 9. Qc2 Bb4 10. Nxe4 Qg6 11. f3 O-O 12. Qb3 Bxe4 13. fxe4 Nc6 14. Qc2 Rxf1+
15. Kxf1 Rf8+ 16. Kg1 Be1 17. Nc3 Nb4 18. Qe2 Rf2 19. Qxf2 Bxf2+ 20. Kxf2 Nd3+
21. Kf1 Qh6 22. Kg1 Nxc1 0-1

[Event "Xtracon GM"]
[Site "Borup"]
[Date "2010.09.11"]
[Round "7"]
[White "Larsen, Thomas Gjerken"]
[Black "Andersen, Morten"]
[Result "1/2-1/2"]
[WhiteElo "2076"]
[BlackElo "2179"]
[PlyCount "100"]
[EventDate "2010.09.03"]
[EventType "swiss"]
[EventRounds "9"]
[EventCountry "DEN"]
[Source "ChessBase"]
[SourceDate "2010.10.29"]

1. e4 c6 2. d4 d5 3. Nc3 dxe4 4. Nxe4 Bf5 5. Ng3 Bg6 6. h4 h6 7. Nf3 Nd7 8. h5
Bh7 9. Bd3 Bxd3 10. Qxd3 e6 11. Bf4 Qa5+ 12. Bd2 Bb4 13. Ne4 Bxd2+ 14. Qxd2 Qd5
15. Qe2 Ngf6 16. Nxf6+ gxf6 17. c4 Qa5+ 18. Qd2 Qxd2+ 19. Kxd2 Rg8 20. g3 O-O-O
21. Ke3 f5 22. Rh4 Nf6 23. Ne5 Rg7 24. Rah1 Kc7 25. b3 a6 26. Kf3 b5 27. Rc1
Kb7 28. cxb5 cxb5 29. b4 Ne4 30. Ke3 f6 31. Nc6 Rc8 32. Na5+ Kb8 33. Rxc8+ Kxc8
34. g4 Nd6 35. f3 Rc7 36. Kd3 Rc1 37. Rh2 Rf1 38. Rc2+ Kd7 39. Ke3 Rg1 40. Kf4
fxg4 41. fxg4 f5 42. gxf5 Rf1+ 43. Kg4 Rxf5 44. Nb3 Rg5+ 45. Kf4 Rxh5 46. Nc5+
Ke7 47. Re2 Rf5+ 48. Kg4 Rg5+ 49. Kf4 Rf5+ 50. Kg4 Rg5+ 1/2-1/2

[Event "Xtracon GM"]
[Site "Borup"]
[Date "2010.09.11"]
[Round "7"]
[White "Miezis, Normunds"]
[Black "Smith, Axel"]
[Result "1-0"]
[WhiteElo "2519"]
[BlackElo "2445"]
[PlyCount "65"]
[EventDate "2010.09.03"]
[EventType "swiss"]
[EventRounds "9"]
[EventCountry "DEN"]
[Source "ChessBase"]
[SourceDate "2010.10.29"]

1. c4 g6 2. Nc3 c5 3. g3 Bg7 4. Bg2 Nf6 5. a3 a5 6. e3 e6 7. d4 cxd4 8. exd4 d5
9. cxd5 Nxd5 10. Nge2 Nc6 11. O-O O-O 12. Qd3 b6 13. Re1 Ba6 14. Qd1 Nxc3 15.
bxc3 Rc8 16. Nf4 Ne7 17. Bd2 Qd6 18. Rb1 Bc4 19. a4 Rfd8 20. Nh3 e5 21. Ng5
exd4 22. Ne4 Qd7 23. cxd4 f5 24. Ng5 Bxd4 25. Qf3 Re8 26. Qf4 Ba2 27. Rbd1 Bb3
28. Bc3 Bxf2+ 29. Qxf2 Bxd1 30. Qa2+ Nd5 31. Qxd5+ Qxd5 32. Bxd5+ Kf8 33. Nxh7#
1-0

[Event "Xtracon GM"]
[Site "Borup"]
[Date "2010.09.11"]
[Round "7"]
[White "Molvig, Henrik"]
[Black "Strange, Mikkel"]
[Result "1/2-1/2"]
[WhiteElo "2174"]
[BlackElo "2305"]
[PlyCount "67"]
[EventDate "2010.09.03"]
[EventType "swiss"]
[EventRounds "9"]
[EventCountry "DEN"]
[Source "ChessBase"]
[SourceDate "2010.10.29"]

1. d4 e6 2. c4 f5 3. g3 Nf6 4. Bg2 d5 5. Nf3 c6 6. O-O Bd6 7. b3 Qe7 8. Bb2 a5
9. Nc3 O-O 10. Qc2 Nbd7 11. a3 Ng4 12. e3 g5 13. Ne2 Qg7 14. Rae1 Ndf6 15. Nc1
Bd7 16. Nd3 Rae8 17. Nfe5 Re7 18. f3 Nh6 19. Bc3 a4 20. Bb4 Bxb4 21. axb4 axb3
22. Qxb3 Nf7 23. Re2 Nd6 24. Ra1 Be8 25. Ra8 Bg6 26. Rea2 Ree8 27. Rxe8 Rxe8
28. c5 Nb5 29. Nxg6 hxg6 30. Ne5 Nd7 31. Nxd7 Qxd7 32. Bf1 Nc7 33. Ra7 Rb8 34.
f4 1/2-1/2

[Event "Xtracon GM"]
[Site "Borup"]
[Date "2010.09.11"]
[Round "7"]
[White "Nielsen, Morten"]
[Black "Johannsen, Kaj"]
[Result "0-1"]
[WhiteElo "1935"]
[BlackElo "1981"]
[PlyCount "88"]
[EventDate "2010.09.03"]
[EventType "swiss"]
[EventRounds "9"]
[EventCountry "DEN"]
[Source "ChessBase"]
[SourceDate "2010.10.29"]

1. e4 d6 2. d4 g6 3. Nc3 Bg7 4. Be2 Nf6 5. g4 h5 6. g5 Nfd7 7. f4 c5 8. d5 Qa5
9. Qd3 b5 10. Bd2 b4 11. Nd1 Ba6 12. Qh3 Bxe2 13. Nxe2 Qa4 14. Qd3 Nb6 15. c3
b3 16. Nc1 N8d7 17. O-O c4 18. Qh3 Nc5 19. Nf2 bxa2 20. Rxa2 Qd7 21. Qf3 O-O
22. f5 Be5 23. Be3 Qc7 24. Ne2 Nbd7 25. Bd4 Qb7 26. Nf4 Qb3 27. Ra3 Qxb2 28.
Rfa1 Bxd4 29. cxd4 Qxd4 30. Ne2 Qb2 31. Rxa7 Rxa7 32. Rxa7 Ne5 33. Qe3 Ncd3 34.
Rxe7 Nxf2 35. Qxf2 Qb1+ 36. Qf1 Qxe4 37. f6 Rb8 38. Ng3 Qe3+ 39. Kg2 Qxg5 40.
Kh1 Qd2 41. Qg2 Rb1+ 42. Nf1 Qd1 43. Kg1 Nf3+ 44. Kf2 Rb2+ 0-1

[Event "Xtracon GM"]
[Site "Borup"]
[Date "2010.09.11"]
[Round "7"]
[White "Petersen, Nils"]
[Black "Molvig, Julius"]
[Result "0-1"]
[WhiteElo "2067"]
[BlackElo "1801"]
[PlyCount "112"]
[EventDate "2010.09.03"]
[EventType "swiss"]
[EventRounds "9"]
[EventCountry "DEN"]
[Source "ChessBase"]
[SourceDate "2010.10.29"]

1. c4 Nf6 2. Nc3 g6 3. e4 d6 4. g3 Bg7 5. Bg2 O-O 6. Nge2 c5 7. O-O Nc6 8. d3
Rb8 9. h3 a6 10. a4 Bd7 11. Be3 Qc7 12. Rb1 Rfc8 13. b3 Na7 14. d4 cxd4 15.
Nxd4 b5 16. axb5 axb5 17. Nd5 Nxd5 18. cxd5 b4 19. Rc1 Qb7 20. Qd2 Nb5 21. Rfe1
Nc3 22. Qd3 Rc7 23. Kh2 Rbc8 24. f4 Qb8 25. Bf1 Ra7 26. Rc2 Ra3 27. Bc1 Ra1 28.
Bd2 Rxe1 29. Bxe1 Qa7 30. Bf2 Qa3 31. Qa6 Bxd4 32. Qxa3 bxa3 33. Bxd4 Nxe4 34.
Ra2 Ra8 35. b4 Ra4 36. Ba1 Rxb4 37. Rxa3 Ra4 38. Rxa4 Bxa4 39. Bc4 Kf8 40. g4
Ke8 41. Bd4 Kd7 42. f5 Nd2 43. fxg6 hxg6 44. Be2 Bb3 45. Be3 Nc4 46. Bd4 Ne5
47. h4 Bxd5 48. Kg3 Ke6 49. h5 gxh5 50. gxh5 Kf5 51. Bd1 Nd7 52. Bg4+ Ke4 53.
Bxd7 Kxd4 54. Bf5 Ke5 55. h6 Kf6 56. Kg4 Be6 0-1

[Event "Xtracon GM"]
[Site "Borup"]
[Date "2010.09.11"]
[Round "7"]
[White "Preuss, Flemming"]
[Black "Skovle, Lars"]
[Result "1-0"]
[WhiteElo "2034"]
[BlackElo "1705"]
[PlyCount "81"]
[EventDate "2010.09.03"]
[EventType "swiss"]
[EventRounds "9"]
[EventCountry "DEN"]
[Source "ChessBase"]
[SourceDate "2010.10.29"]

1. f4 Nh6 2. Nf3 d6 3. g3 Nc6 4. Bg2 Bg4 5. h3 Bd7 6. e4 g6 7. d3 Bg7 8. c3 O-O
9. Be3 Qc8 10. Qd2 f5 11. Na3 Nf7 12. O-O-O a6 13. Nc2 e5 14. Kb1 b5 15. Rdg1
Rb8 16. exf5 Bxf5 17. Ng5 Ne7 18. g4 Bd7 19. fxe5 Nxe5 20. Rf1 c5 21. Rxf8+
Bxf8 22. Ne4 Qc7 23. Rf1 Nd5 24. Bg5 b4 25. Nf6+ Nxf6 26. Bxf6 bxc3 27. Bd5+
Nf7 28. Qxc3 Be8 29. Re1 Qd7 30. Be6 Qb7 31. h4 d5 32. b3 d4 33. Qd2 Ra8 34. h5
a5 35. hxg6 hxg6 36. Qg5 Kh7 37. Qh4+ Nh6 38. g5 a4 39. Rh1 axb3 40. Qxh6+ Bxh6
41. Rxh6# 1-0

[Event "Xtracon GM"]
[Site "Borup"]
[Date "2010.09.11"]
[Round "7"]
[White "Sulskis, Sarunas"]
[Black "Schandorff, Lars"]
[Result "1/2-1/2"]
[WhiteElo "2544"]
[BlackElo "2492"]
[PlyCount "85"]
[EventDate "2010.09.03"]
[EventType "swiss"]
[EventRounds "9"]
[EventCountry "DEN"]
[Source "ChessBase"]
[SourceDate "2010.10.29"]

1. e4 c6 2. d4 d5 3. e5 Bf5 4. Nc3 e6 5. g4 Bg6 6. Nge2 c5 7. h4 h5 8. Nf4 Bh7
9. g5 cxd4 10. Nb5 Be4 11. f3 Bf5 12. Bd3 Bxd3 13. Qxd3 g6 14. Bd2 Nc6 15.
O-O-O Bc5 16. c3 a6 17. Nxd4 Bxd4 18. cxd4 Nge7 19. Kb1 Nf5 20. Rc1 O-O 21.
Rxc6 bxc6 22. Bb4 Re8 23. Ng2 a5 24. Bc5 a4 25. Ne3 Nxe3 26. Qxe3 Qa5 27. Rc1
Qb5 28. Bd6 Ra6 29. f4 Rb6 30. Qd2 Ra8 31. Re1 Re8 32. Qe2 Rc8 33. Bc5 Rb7 34.
Qxb5 cxb5 35. a3 Rbc7 36. Rc1 Rc6 37. Rc3 R8c7 38. Kc2 Rc8 39. Kd3 R8c7 40. Kd2
Rc8 41. Ke3 R8c7 42. Kd3 Rc8 43. Ke3 1/2-1/2

[Event "Xtracon GM"]
[Site "Borup"]
[Date "2010.09.11"]
[Round "7"]
[White "Sylvan, Jacob"]
[Black "Semcesen, Daniel"]
[Result "0-1"]
[WhiteElo "2238"]
[BlackElo "2416"]
[PlyCount "138"]
[EventDate "2010.09.03"]
[EventType "swiss"]
[EventRounds "9"]
[EventCountry "DEN"]
[Source "ChessBase"]
[SourceDate "2010.10.29"]

1. d4 d5 2. c4 dxc4 3. e3 e5 4. Bxc4 exd4 5. exd4 Bd6 6. Nf3 Nf6 7. O-O O-O 8.
h3 Nc6 9. Nc3 h6 10. Qc2 Na5 11. Bd3 Nc6 12. Bc4 Na5 13. Bd3 Be6 14. Re1 Nc6
15. a3 Re8 16. Bd2 Qd7 17. Ne4 Bxh3 18. Nxf6+ gxf6 19. Bxh6 Kh8 20. Bf1 Rg8 21.
Bc1 Rg4 22. Qd2 Bf4 23. Qd3 Rag8 24. Bxf4 Rxf4 25. Re3 Bf5 26. Qb3 Be4 27. Rae1
Bd5 28. Qd3 Rg6 29. Qc3 Kg7 30. g3 Rxf3 31. Rxf3 Bxf3 32. Qxf3 Qxd4 33. Qb3 Ne5
34. Re3 b6 35. Bg2 c5 36. Qc2 Rh6 37. Re4 Qd6 38. Re1 Rh8 39. Rd1 Qe7 40. Qf5
Rd8 41. Rd5 Rxd5 42. Bxd5 Qd7 43. Qxd7 Nxd7 44. f4 f5 45. Kf2 Nf6 46. Bf3 Kf8
47. Ke3 Ke7 48. Kd3 Kd6 49. Kc4 Ne4 50. Kb5 Nxg3 51. Ka6 c4 52. Kxa7 Kc5 53.
Ka6 Ne4 54. Bh5 f6 55. Bg6 Ng3 56. a4 Ne2 57. Bxf5 Nxf4 58. a5 bxa5 59. Kxa5
Ne2 60. Ka4 Nd4 61. Bh3 Nb3 62. Bf5 Nc1 63. Ka5 Kd4 64. Kb4 Nd3+ 65. Ka3 Ke5
66. Bh3 f5 67. b4 f4 68. Bg2 Kd4 69. Bf3 c3 0-1

[Event "Xtracon GM"]
[Site "Borup"]
[Date "2010.09.11"]
[Round "7"]
[White "Teplyi, Igor"]
[Black "Andersen, Mads"]
[Result "1/2-1/2"]
[WhiteElo "2408"]
[BlackElo "2385"]
[PlyCount "81"]
[EventDate "2010.09.03"]
[EventType "swiss"]
[EventRounds "9"]
[EventCountry "DEN"]
[Source "ChessBase"]
[SourceDate "2010.10.29"]

1. d4 Nf6 2. c4 g6 3. Nf3 Bg7 4. g3 d5 5. cxd5 Nxd5 6. Bg2 Nb6 7. Nc3 Nc6 8. e3
O-O 9. O-O Re8 10. Re1 Bd7 11. Qe2 Qc8 12. b3 Bg4 13. Bb2 Qf5 14. Nh4 Qh5 15.
f3 Bd7 16. f4 Bg4 17. Qf1 Bf6 18. Nf3 Nb4 19. h3 Be6 20. g4 Qa5 21. Qe2 N4d5
22. Ne4 Nd7 23. Ng3 N7b6 24. Ne5 Bh4 25. Qf3 Nb4 26. f5 Bd5 27. e4 Nc2 28. Rf1
Nxa1 29. exd5 Bxg3 30. Bxa1 Bxe5 31. dxe5 Qc5+ 32. Kh1 Rf8 33. Qf4 Nxd5 34. Qh6
Qe3 35. g5 Nf4 36. Rxf4 Qxf4 37. f6 Qc1+ 38. Kh2 Qf4+ 39. Kg1 Qe3+ 40. Kf1 Qf4+
41. Kg1 1/2-1/2

[Event "Xtracon GM"]
[Site "Borup"]
[Date "2010.09.11"]
[Round "7"]
[White "Tikkanen, Hans"]
[Black "Kulaots, Kaido"]
[Result "1-0"]
[WhiteElo "2507"]
[BlackElo "2592"]
[PlyCount "67"]
[EventDate "2010.09.03"]
[EventType "swiss"]
[EventRounds "9"]
[EventCountry "DEN"]
[Source "ChessBase"]
[SourceDate "2010.10.29"]

1. d4 Nf6 2. c4 g6 3. Nc3 d5 4. Nf3 Bg7 5. Qb3 dxc4 6. Qxc4 O-O 7. e4 a6 8. Be2
b5 9. Qb3 c5 10. dxc5 Bb7 11. O-O Nbd7 12. e5 Ng4 13. e6 Qb8 14. h3 Bxf3 15.
hxg4 Nxc5 16. Qc2 Bxe2 17. exf7+ Rxf7 18. Qxe2 b4 19. Nd5 e6 20. Ne3 Qb5 21.
Nc4 Rd8 22. Qc2 b3 23. axb3 Nxb3 24. Ra3 Nd4 25. Qa4 Ne2+ 26. Kh2 Qb8+ 27. Kh1
Rxf2 28. Rxf2 Nxc1 29. Qc2 Bh6 30. Rf1 Qc7 31. Qe4 Qe7 32. Rh3 Bg5 33. Ne5 Rc8
34. Nxg6 1-0

[Event "Xtracon GM"]
[Site "Borup"]
[Date "2010.09.11"]
[Round "7"]
[White "Vovk, Oksana"]
[Black "Danielsen, Henrik"]
[Result "1-0"]
[WhiteElo "2157"]
[BlackElo "2529"]
[PlyCount "87"]
[EventDate "2010.09.03"]
[EventType "swiss"]
[EventRounds "9"]
[EventCountry "DEN"]
[Source "ChessBase"]
[SourceDate "2010.10.29"]

1. Nf3 g6 2. d4 Bg7 3. e4 d6 4. Bc4 e6 5. O-O Ne7 6. Nc3 a6 7. a4 b6 8. Be3 h6
9. Qd2 Nd7 10. Ne1 Bb7 11. f3 Nf6 12. Nd3 d5 13. exd5 exd5 14. Bb3 Nf5 15. Rae1
O-O 16. Bf2 a5 17. Nd1 h5 18. c3 Bh6 19. Be3 Nxe3 20. Nxe3 Re8 21. Qf2 Ba6 22.
Bc2 Qd6 23. Nd1 Kf8 24. Rxe8+ Rxe8 25. Re1 Bxd3 26. Rxe8+ Nxe8 27. Bxd3 c5 28.
g3 Bg7 29. dxc5 bxc5 30. Kg2 Nc7 31. Qc2 Ne6 32. Nf2 c4 33. Bf1 Nc5 34. Qd2 Qc6
35. Bxc4 dxc4 36. Qd8+ Qe8 37. Qd6+ Kg8 38. Qxc5 Qxa4 39. Ne4 Qc2+ 40. Kh3 Qe2
41. Qf2 Qxf2 42. Nxf2 Bxc3 43. bxc3 a4 44. Nd1 1-0

[Event "Xtracon GM"]
[Site "Borup"]
[Date "2010.09.11"]
[Round "7"]
[White "Zdebskaja, Natalia"]
[Black "Akdag, Dara Sevkan"]
[Result "1-0"]
[WhiteElo "2357"]
[BlackElo "2171"]
[PlyCount "79"]
[EventDate "2010.09.03"]
[EventType "swiss"]
[EventRounds "9"]
[EventCountry "DEN"]
[Source "ChessBase"]
[SourceDate "2010.10.29"]

1. e4 c5 2. Nf3 d6 3. d4 cxd4 4. Nxd4 Nf6 5. Nc3 g6 6. Be3 Bg7 7. f3 O-O 8. Bc4
Nc6 9. Bb3 Bd7 10. h4 h5 11. Qd2 Rc8 12. O-O-O Ne5 13. Bg5 Rc5 14. Kb1 Re8 15.
Bh6 b5 16. g4 Nc4 17. Bxc4 bxc4 18. Nf5 Bh8 19. Be3 Ra5 20. Nh6+ Kf8 21. g5 Ng8
22. Bd4 e5 23. Bc5 Rxc5 24. Qxd6+ Qe7 25. Nxg8 Qxd6 26. Rxd6 Be6 27. Nf6 Bxf6
28. gxf6 Kg8 29. Rg1 Rcc8 30. Rg5 Rcd8 31. Rxd8 Rxd8 32. Kc1 Bh3 33. Nd5 Kh7
34. Kd2 Be6 35. Rxe5 Rd6 36. Kc3 Rc6 37. Kd4 Kh6 38. f4 Ra6 39. Nc7 Rxa2 40.
Rxe6 1-0

[Event "Xtracon GM"]
[Site "Borup"]
[Date "2010.09.11"]
[Round "8"]
[White "Akdag, Dara Sevkan"]
[Black "Hansen, Lars Henrik Bech"]
[Result "1-0"]
[WhiteElo "2171"]
[BlackElo "2039"]
[PlyCount "87"]
[EventDate "2010.09.03"]
[EventType "swiss"]
[EventRounds "9"]
[EventCountry "DEN"]
[Source "ChessBase"]
[SourceDate "2010.10.29"]

1. d4 g6 2. c4 Nf6 3. Nc3 Bg7 4. e4 d6 5. Nf3 O-O 6. Be2 e5 7. O-O Nc6 8. d5
Ne7 9. b4 a5 10. Ba3 axb4 11. Bxb4 Nh5 12. c5 dxc5 13. Bxc5 Nf4 14. Bc4 Bg4 15.
h3 Bxf3 16. Qxf3 b6 17. Bb4 c5 18. dxc6 Nxc6 19. Bxf8 Bxf8 20. Nd5 Nd4 21. Qd1
Bc5 22. Nxf4 exf4 23. Bd5 Rb8 24. Qg4 Qf6 25. Rfe1 Re8 26. e5 Rxe5 27. Rxe5
Qxe5 28. Qd7 Qf6 29. a4 Nf5 30. Rc1 Nd6 31. Qc7 Qb2 32. Rf1 Qd4 33. Bf3 Qb2 34.
Qc6 Qb4 35. Kh2 Qb2 36. Qd5 Qb4 37. Bd1 Kg7 38. Bc2 Qc3 39. Rc1 Qf6 40. Bb3 Qd8
41. Rd1 Qe7 42. a5 Ne4 43. Re1 f5 44. Rd1 1-0

[Event "Xtracon GM"]
[Site "Borup"]
[Date "2010.09.11"]
[Round "8"]
[White "Andersen, Daniel"]
[Black "Christensen, John"]
[Result "1-0"]
[WhiteElo "1940"]
[BlackElo "2106"]
[PlyCount "83"]
[EventDate "2010.09.03"]
[EventType "swiss"]
[EventRounds "9"]
[EventCountry "DEN"]
[Source "ChessBase"]
[SourceDate "2010.10.29"]

1. c4 b6 2. e4 Bb7 3. Nc3 e6 4. Nge2 d5 5. cxd5 exd5 6. Nxd5 Bxd5 7. exd5 Qxd5
8. Nc3 Qe5+ 9. Be2 Bd6 10. d4 Qf6 11. O-O Nd7 12. Bf3 Rd8 13. Ne4 Qf5 14. Nxd6+
cxd6 15. Re1+ Kf8 16. Qe2 Ndf6 17. Bd2 g6 18. Qa6 Qd7 19. Be2 Kg7 20. Bb5 Qf5
21. a4 Ng4 22. Re2 Qd5 23. h3 N4h6 24. Qxa7 Nf5 25. Qxb6 Nge7 26. Bc3 Rb8 27.
Qa5 Nh4 28. f3 Nef5 29. Kf2 Nxg2 30. Kxg2 Nh4+ 31. Kh2 Nxf3+ 32. Kg3 Ng5 33.
Bc6 Qxa5 34. Bxa5 Ne6 35. Bc3 Rb3 36. d5+ Nd4 37. Rd2 Rxc3+ 38. bxc3 Nb3 39.
Rda2 Nxa1 40. Rxa1 Rb8 41. a5 Rb3 42. a6 1-0

[Event "Xtracon GM"]
[Site "Borup"]
[Date "2010.09.11"]
[Round "8"]
[White "Andersen, Mads"]
[Black "Christensen, Casper"]
[Result "1-0"]
[WhiteElo "2385"]
[BlackElo "1897"]
[PlyCount "63"]
[EventDate "2010.09.03"]
[EventType "swiss"]
[EventRounds "9"]
[EventCountry "DEN"]
[Source "ChessBase"]
[SourceDate "2010.10.29"]

1. e4 c5 2. Nf3 d6 3. d4 cxd4 4. Nxd4 Nc6 5. Nc3 g6 6. Be3 Bd7 7. f3 Bg7 8. Qd2
Nf6 9. O-O-O h5 10. Bc4 Ne5 11. Bb3 Qc8 12. Qe2 a6 13. h3 b5 14. g4 Nc4 15.
Bxc4 bxc4 16. Qg2 Rb8 17. Kb1 Qb7 18. Bc1 Qb6 19. Nde2 Bc6 20. Qg1 Qb4 21. Qe3
Nd7 22. Nd4 Ba8 23. Rhe1 Ne5 24. f4 Nc6 25. Nde2 Na5 26. e5 dxe5 27. fxe5 Qb7
28. e6 f6 29. Rd7 Qc8 30. Nf4 Bh6 31. Nxg6 Rh7 32. Qxh6 1-0

[Event "Xtracon GM"]
[Site "Borup"]
[Date "2010.09.11"]
[Round "8"]
[White "Andersen, Morten"]
[Black "Ambirk, Jan"]
[Result "1/2-1/2"]
[WhiteElo "2179"]
[BlackElo "2136"]
[PlyCount "38"]
[EventDate "2010.09.03"]
[EventType "swiss"]
[EventRounds "9"]
[EventCountry "DEN"]
[Source "ChessBase"]
[SourceDate "2010.10.29"]

1. d4 f5 2. Nf3 Nf6 3. c4 e6 4. g3 d5 5. Nbd2 c6 6. Bg2 Bd6 7. b3 Qe7 8. O-O
O-O 9. Bb2 b6 10. Ne5 Bb7 11. Qc2 Nbd7 12. Rfc1 c5 13. Ndf3 Rac8 14. e3 Ne4 15.
Nxd7 Qxd7 16. Ne5 Qe7 17. f3 Nf6 18. Bc3 g5 19. Rd1 g4 1/2-1/2

[Event "Xtracon GM"]
[Site "Borup"]
[Date "2010.09.11"]
[Round "8"]
[White "Danielsen, Henrik"]
[Black "Larsen, Thomas Gjerken"]
[Result "1-0"]
[WhiteElo "2529"]
[BlackElo "2076"]
[PlyCount "69"]
[EventDate "2010.09.03"]
[EventType "swiss"]
[EventRounds "9"]
[EventCountry "DEN"]
[Source "ChessBase"]
[SourceDate "2010.10.29"]

1. Nf3 f5 2. g3 Nf6 3. Bg2 e6 4. O-O Be7 5. c4 O-O 6. Nc3 Nc6 7. d4 d6 8. b3 e5
9. d5 Nb8 10. Ne1 c6 11. dxc6 Nxc6 12. Nc2 Be6 13. Ne3 Qd7 14. Ned5 Rfd8 15.
Ba3 Bf8 16. Nxf6+ gxf6 17. Nd5 Qf7 18. e3 Kh8 19. Rc1 Rac8 20. Qe2 Ne7 21. Rfd1
Ng6 22. Qh5 Rd7 23. Bh3 f4 24. Bxe6 Qxe6 25. exf4 exf4 26. Re1 Qf7 27. Qf5 Ne5
28. Kh1 fxg3 29. hxg3 Bh6 30. Rcd1 Rf8 31. Kg2 Ng6 32. Rh1 Bg7 33. Rde1 Kg8 34.
Re6 Re8 35. Rxf6 1-0